|
|
|
|
| LEADER |
00000nab a2200000 ar4500 |
| 001 |
vtls009470656 |
| 003 |
SK-MaSNL |
| 005 |
20260426070552.0 |
| 008 |
090209c2008 xo mr|p|||||||000 b|slo |
| 015 |
|
|
|a SNBRB2009/02
|2 snkbucl
|
| 038 |
|
|
|a SNKBUCL
|
| 040 |
|
|
|a SNKBUCL
|b slo
|c SNKBUCL
|e AACR2
|
| 041 |
0 |
|
|a slo
|
| 044 |
|
|
|a xo
|c SK
|
| 080 |
|
|
|a 37.014.3(437.6)
|2 1997
|
| 100 |
1 |
|
|a Hurajtová, Jana
|4 aut
|9 332788
|
| 245 |
1 |
0 |
|a Reforma školstva
|c Jana Hurajtová
|
| 300 |
|
|
|b Fotogr.
|
| 650 |
0 |
7 |
|a školstvo
|x reforma
|2 snkbucl
|9 1323471
|
| 651 |
|
7 |
|a Slovensko
|2 snkbucl
|9 14231
|
| 773 |
0 |
|
|t Katolícky učiteľ
|g Roč. III, č. 1-2 (2008/2009), s. 10-13
|
| 852 |
|
|
|a SNK
|b KIS3GCP
|
| 958 |
|
|
|a SK
|
| 999 |
|
|
|c 2668942
|d 2670872
|